000 00437nam a22001817a 4500
003 MPLRDC
005 20220104144341.0
008 210129b ||||| |||| 00| 0 eng d
020 _a7-5387-0220-2
082 _a592.927 JH
100 _a金辉, 张惠生, 张卫明著
245 _a中越战争秘录
_c
250 _a初版
260 _a
_b时代文艺出版社
_c1990
300 _b
650 _a
942 _cBK
_o592.927 JH
999 _c48768
_d48758